| 000 | 00392cam a2200157ua 4500 | ||
|---|---|---|---|
| 020 | _c495.00 | ||
| 041 |
_aeng _h |
||
| 100 | _aNayar, Alok . | ||
| 245 |
_aTesting of metals / _cAlok Nayar. _hTextual Documents |
||
| 260 |
_aNew Delhi : _bTata Mc-Graw Hill Publishing Company , _c2005. |
||
| 300 | _a ; . | ||
| 365 | _a495.00 | ||
| 504 | _a | ||
| 942 | _cBK | ||
| 999 |
_c12963 _d12963 |
||